Loading...
| History - European | 0 | 8 | 0 | 0 | 80 | 61 | 82.25 | 3 | 6 | 0.00 | 0.00 |
| History - American | 0 | 5 | 0 | 0 | 50 | 31 | 65.60 | 1 | 3 | 0.00 | 0.00 |
| History - World | 0 | 5 | 1 | 2 | 45 | 81 | 112.40 | 0 | 3 | 0.00 | 0.00 |
| Philosophy | 0 | 3 | 0 | 1 | 30 | 92 | 111.00 | 2 | 3 | 0.00 | 0.00 |
| Social Science | 0 | 3 | 0 | 0 | 30 | 77 | 79.33 | 2 | 3 | 0.00 | 0.00 |
| Mythology | 0 | 3 | 1 | 0 | 25 | 65 | 100.67 | 0 | 2 | 0.00 | 0.00 |
| History - Other | 0 | 3 | 1 | 0 | 25 | 76 | 89.67 | 0 | 3 | 0.00 | 0.00 |
| Literature - European | 0 | 2 | 0 | 0 | 20 | 97 | 113.00 | 1 | 2 | 0.00 | 0.00 |
| Literature - American | 0 | 2 | 0 | 0 | 20 | 93 | 106.50 | 1 | 1 | 0.00 | 0.00 |
| Literature - British | 0 | 2 | 0 | 0 | 20 | 96 | 115.50 | 2 | 2 | 0.00 | 0.00 |
| Literature - World | 0 | 2 | 0 | 0 | 20 | 89 | 98.50 | 1 | 2 | 0.00 | 0.00 |
| Other | 0 | 1 | 0 | 0 | 10 | 77 | 77.00 | 0 | 1 | 0.00 | 0.00 |
| Science - Other | 0 | 1 | 0 | 0 | 10 | 71 | 71.00 | 1 | 1 | 0.00 | 0.00 |
| Fine Arts - Other | 0 | 1 | 0 | 0 | 10 | 113 | 113.00 | 0 | 1 | 0.00 | 0.00 |